| 000 | 00881cab a2200217 4500 | ||
|---|---|---|---|
| 001 | ABS37085 | ||
| 008 | 090401t1986 xxu||||| |||| 00| 0 eng d | ||
| 035 | _a(Sirsi) u2212 | ||
| 041 | _aeng | ||
| 100 | _aJohnson, C. | ||
| 245 | _aCounting the farmer`s assets | ||
| 260 | _c1986 | ||
| 350 | _a0 | ||
| 490 |
_aLloyds Bank Economic Bulletin _v(95) November 1986 1-3(3) |
||
| 520 | _aOverview of trends in the UK agricultural market; in particular trends in bank borrowing, farm incomes and farmland prices. Farmers` debt liabilities have doubled as a percentage of total assets in the last 7 years as a result of increased bank borrowing and the fall in farmland prices. Explains the link between the two illustrated by charts and statistical information. | ||
| 650 | _aAGRICULTURE | ||
| 650 | _aECONOMICS | ||
| 690 | _aRURAL PRACTICE | ||
| 942 | _n0 | ||
| 948 | _c04/03/1997 | ||
| 999 |
_c1338 _d1338 |
||